[Event "SR 5. liga SE-SI 2013/2014"]
[Site "?"]
[Date "2013.12.14"]
[Round "5.5"]
[White "Jankovic, Vit"]
[Black "Danihel, Jozef"]
[Result "0-1"]
[WhiteElo "1000"]
[BlackElo "1553"]
[PlyCount "60"]
[EventDate "2013.??.??"]

1. e4 d5 2. f3 e5 3. d3 h6 4. Nc3 d4 5. Nce2 Nf6 6. f4 Bd6 7. Nf3 Bg4 8. Ng3
exf4 9. h3 Bxf3 10. Qxf3 fxg3 11. Bd2 c5 12. O-O-O Nc6 13. a3 a5 14. Kb1 b5 15.
Re1 Be5 16. Bf4 Qe7 17. Qxg3 g5 18. Bxe5 Qxe5 19. Qf3 a4 20. Ka2 b4 21. g4 Ke7
22. h4 Qe6+ 23. Kb1 bxa3 24. bxa3 Rab8+ 25. Kc1 Ne5 26. Qe2 Qa2 27. Kd2 Qxa3
28. Qg2 Qc3+ 29. Kd1 Rb1+ 30. Ke2 Qxc2# 0-1

[Event "SR 5. liga SE-SI 2013/2014"]
[Site "?"]
[Date "2013.12.14"]
[Round "5.5"]
[White "Baumgartner, Milan"]
[Black "Kurthyova, Viktoria"]
[Result "1-0"]
[WhiteElo "1508"]
[BlackElo "1000"]
[PlyCount "75"]
[EventDate "2013.??.??"]

1. a3 e5 2. e4 Nf6 3. Nc3 Bc5 4. Bc4 O-O 5. d3 Nc6 6. Bg5 d6 7. h3 Be6 8. Bd5
Qd7 9. Bxf6 gxf6 10. Nge2 Rad8 11. O-O Bd4 12. Bxc6 Qxc6 13. Nxd4 Qd7 14. Nde2
Rfe8 15. Ng3 d5 16. Nh5 f5 17. Nf6+ Kh8 18. Nxd7 Rxd7 19. exd5 Bxd5 20. Nxd5
Rxd5 21. Qf3 Red8 22. Qxf5 e4 23. Qxf7 c6 24. Qxb7 R8d6 25. Qxa7 exd3 26. Rae1
Rd8 27. cxd3 Rxd3 28. Re2 R8d7 29. Qa8+ Kg7 30. Qxc6 R7d6 31. Qc7+ Kh6 32. Rfe1
Rd2 33. Rxd2 Rxd2 34. Re6+ Kg5 35. Qe5+ Kh4 36. Rf6 Rd1+ 37. Kh2 h5 38. Rf4#
1-0

[Event "SR 5. liga SE-SI 2013/2014"]
[Site "?"]
[Date "2013.12.14"]
[Round "5.5"]
[White "Nesnadny, Tomas"]
[Black "Davidik, Miroslav"]
[Result "1/2-1/2"]
[WhiteElo "1000"]
[BlackElo "1440"]
[PlyCount "38"]
[EventDate "2013.??.??"]

1. e4 e5 2. Bc4 Nc6 3. d3 h6 4. Nf3 Nf6 5. Nc3 a6 6. Be3 Bb4 7. Qd2 d6 8. O-O-O
Na5 9. a3 Nxc4 10. dxc4 Bxc3 11. Qxc3 Nxe4 12. Qd3 Nf6 13. c5 e4 14. Qd2 exf3
15. gxf3 d5 16. Rhg1 g5 17. Bd4 Be6 18. Qc3 Qd7 19. Bxf6 Rg8 1/2-1/2

[Event "SR 5. liga SE-SI 2013/2014"]
[Site "?"]
[Date "2014.01.18"]
[Round "6.1"]
[White "Sladek, Michal"]
[Black "Nemeckay, Rastislav"]
[Result "0-1"]
[WhiteElo "1241"]
[BlackElo "1986"]
[PlyCount "50"]
[EventDate "2013.??.??"]

1. e4 c6 2. Bc4 d5 3. exd5 cxd5 4. Bb3 Nf6 5. h3 Bf5 6. d3 e6 7. Nf3 h6 8. O-O
Bd6 9. Nc3 O-O 10. Be3 Nc6 11. d4 Na5 12. Qd2 Nxb3 13. axb3 a6 14. Bf4 Rc8 15.
Bxd6 Qxd6 16. Ne5 Rc7 17. Ne2 Rxc2 18. Qe3 Rc7 19. Ng3 Bh7 20. Rac1 Rfc8 21.
Qd2 Ne4 22. Nxe4 Bxe4 23. Qf4 f6 24. Nd3 Qxf4 25. Nxf4 Rxc1 0-1

[Event "SR 5. liga SE-SI 2013/2014"]
[Site "?"]
[Date "2014.01.18"]
[Round "6.1"]
[White "Simek, Adam"]
[Black "Cambal, Peter"]
[Result "0-1"]
[WhiteElo "1000"]
[BlackElo "1014"]
[PlyCount "64"]
[EventDate "2013.??.??"]

1. e4 c5 2. Bc4 e6 3. Nf3 Nf6 4. d3 h6 5. Nc3 Be7 6. Bf4 O-O 7. Nb5 Na6 8. d4
Nxe4 9. dxc5 Nexc5 10. Qd4 d5 11. Bd3 Nxd3+ 12. cxd3 Qa5+ 13. b4 Qxb5 14. O-O
Nxb4 15. Rae1 Nc2 16. Qe5 Nxe1 17. Rxe1 Bd7 18. Qh5 f6 19. Nh4 d4 20. Qg4 Rf7
21. Bxh6 f5 22. Qg6 Bxh4 23. g3 Bf6 24. g4 fxg4 25. Qxg4 Qf5 26. Re4 Qxg4+ 27.
Rxg4 Rc8 28. Rg2 Rc2 29. Bf4 Bh4 30. Rg4 Bxf2+ 31. Kf1 Be3 32. a4 Rxf4+ 0-1

[Event "SR 5. liga SE-SI 2013/2014"]
[Site "?"]
[Date "2014.01.18"]
[Round "6.1"]
[White "Svrcek, Daniel"]
[Black "Jankovic, Vit"]
[Result "1/2-1/2"]
[WhiteElo "1000"]
[BlackElo "1000"]
[PlyCount "74"]
[EventDate "2013.??.??"]

1. e4 e5 2. Nf3 Nc6 3. Bc4 Nf6 4. Ng5 Qe7 5. Bxf7+ Kd8 6. Bb3 d5 7. exd5 Nd4 8.
d6 Qxd6 9. Nf7+ Kd7 10. Nxd6 Kxd6 11. Nc3 Nxb3 12. cxb3 Bf5 13. O-O Kd7 14. d3
h6 15. Qe2 Re8 16. Ne4 Kc8 17. Nxf6 gxf6 18. Be3 Kb8 19. Rac1 Bd6 20. Bc5 Bxc5
21. Rxc5 h5 22. Qf3 b6 23. Rc3 Bg4 24. Qc6 Rc8 25. Rfc1 Rh7 26. Rc4 Bf5 27. Rb4
h4 28. Rc5 Bd7 29. Qd5 c6 30. Qd6+ Kb7 31. Ra5 h3 32. g3 Rf7 33. Ra3 a5 34.
Rxa5 Rd8 35. Ra3 b5 36. Re4 Rff8 37. Ra5 Bf5 1/2-1/2

[Event "SR 5. liga SE-SI 2013/2014"]
[Site "?"]
[Date "2014.01.18"]
[Round "6.1"]
[White "Kurthyova, Viktoria"]
[Black "Horak, Viliam"]
[Result "0-1"]
[WhiteElo "1000"]
[BlackElo "1000"]
[PlyCount "48"]
[EventDate "2013.??.??"]

1. e4 e5 2. Nf3 Nc6 3. Bb5 Nf6 4. Nc3 Bc5 5. O-O O-O 6. Bxc6 dxc6 7. Nxe5 Re8
8. Ng4 Nxg4 9. d3 Bxf2+ 10. Rxf2 Nxf2 11. Kxf2 Qf6+ 12. Kg1 Qg6 13. Kh1 Bg4 14.
Qf1 Qh5 15. h3 Bd7 16. Bf4 Re6 17. Bxc7 Rf6 18. Qe2 Bg4 19. Qe3 Rg6 20. Kg1 Bf3
21. Kf2 Rxg2+ 22. Kf1 Qxh3 23. Ke1 Qh1+ 24. Qg1 Qxg1# 0-1

[Event "SR 5. liga SE-SI 2013/2014"]
[Site "?"]
[Date "2014.01.18"]
[Round "6.1"]
[White "Steiner, Juraj"]
[Black "Nesnadny, Tomas"]
[Result "1-0"]
[WhiteElo "1000"]
[BlackElo "1000"]
[PlyCount "43"]
[EventDate "2013.??.??"]

1. e4 e5 2. Nf3 Nc6 3. Bc4 Nf6 4. Ng5 Bc5 5. Nxf7 Qe7 6. Nxh8 d6 7. Bf7+ Kf8 8.
Bc4 Be6 9. d3 Ng4 10. O-O Qf6 11. Qf3 Nd4 12. Qxf6+ gxf6 13. Be3 Nxc2 14. Bxe6
Ke7 15. Bxg4 Nxa1 16. Bxc5 dxc5 17. Rc1 Rxh8 18. Nc3 c6 19. Rxa1 Rd8 20. Na4
Rxd3 21. Nxc5 Rd2 22. Bf5 1-0

[Event "SR 5. liga SE-SI 2013/2014"]
[Site "?"]
[Date "2014.01.18"]
[Round "6.2"]
[White "Beran, Jan"]
[Black "Klimes, Karel"]
[Result "0-1"]
[WhiteElo "1694"]
[BlackElo "1651"]
[PlyCount "90"]
[EventDate "2013.??.??"]

1. d4 d5 2. c4 Nf6 3. Nc3 e6 4. e3 c5 5. cxd5 cxd4 6. Qxd4 Nxd5 7. Nf3 a6 8.
Nxd5 Qxd5 9. Qxd5 exd5 10. Bd2 Bd6 11. Be2 Nc6 12. a3 Bf5 13. O-O O-O 14. Bc3
Bc5 15. Rac1 Bb6 16. Rfd1 Rad8 17. Nd4 Nxd4 18. Bxd4 Bxd4 19. Rxd4 Rd7 20. Rcd1
Rfd8 21. h3 Kf8 22. Bg4 Be6 23. Bxe6 fxe6 24. e4 e5 25. Rxd5 Rxd5 26. exd5 Ke7
27. f3 Kd6 28. Kf2 Rc8 29. Rd2 Rc5 30. Ke3 Rxd5 31. Rd3 Rxd3+ 32. Kxd3 Kd5 33.
b3 g5 34. g3 b5 35. Ke3 a5 36. Kd3 h6 37. Ke3 a4 38. bxa4 bxa4 39. Kd3 h5 40.
Ke3 Kc4 41. f4 exf4+ 42. gxf4 gxf4+ 43. Kxf4 Kb3 44. h4 Kxa3 45. Kg5 Kb3 0-1

[Event "SR 5. liga SE-SI 2013/2014"]
[Site "?"]
[Date "2014.01.18"]
[Round "6.2"]
[White "Sobek, Michal"]
[Black "Sukopcak, Miroslav"]
[Result "1-0"]
[WhiteElo "1230"]
[BlackElo "1668"]
[PlyCount "89"]
[EventDate "2013.??.??"]

1. e4 c5 2. Nf3 d6 3. c3 e5 4. d4 cxd4 5. cxd4 exd4 6. Nxd4 Nf6 7. Nc3 a6 8.
Be2 Be7 9. O-O O-O 10. Be3 Bd7 11. Qd2 Bc6 12. f3 h6 13. Nf5 Nh7 14. Nxg7 Bg5
15. Nf5 Bxe3+ 16. Qxe3 Qf6 17. Qxh6 Qxh6 18. Nxh6+ Kh8 19. Bc4 Ng5 20. h4 Ne6
21. Nxf7+ Rxf7 22. Bxe6 Rf6 23. Bd5 Nd7 24. f4 Rh6 25. g3 Bxd5 26. Nxd5 Rg8 27.
Kh2 Nc5 28. Rae1 b5 29. Kh3 Rhg6 30. Rg1 Re6 31. e5 Nd3 32. Re2 dxe5 33. fxe5
Rd8 34. Nf4 Rxe5 35. Ng6+ Kg7 36. Nxe5 Nc5 37. Nc6 Rd6 38. Ne7 Rf6 39. Nd5 Rf5
40. Nf4 Rf7 41. Ne6+ Nxe6 42. Rxe6 Ra7 43. Rge1 Kf7 44. Re7+ Rxe7 45. Rxe7+ 1-0

[Event "SR 5. liga SE-SI 2013/2014"]
[Site "?"]
[Date "2014.01.18"]
[Round "6.2"]
[White "Lauko, Tomas"]
[Black "Valigursky, Michal"]
[Result "1-0"]
[WhiteElo "1421"]
[BlackElo "1299"]
[PlyCount "118"]
[EventDate "2013.??.??"]

1. e4 e5 2. Nf3 Nc6 3. c3 Nf6 4. Qc2 d5 5. Bb5 Bd6 6. d4 Qe7 7. Bg5 O-O 8. O-O
dxe4 9. Bxf6 Qxf6 10. Qxe4 Bf5 11. Qh4 Qe6 12. Bxc6 bxc6 13. dxe5 Bxe5 14. Re1
f6 15. Nd4 Bxh2+ 16. Kxh2 Qxe1 17. Nxf5 Qe5+ 18. Ng3 f5 19. Nd2 f4 20. Ngf1 Rf6
21. Kg1 Raf8 22. Nf3 Qf5 23. Rd1 Rg6 24. Rd8 Rh6 25. Qe7 Rhf6 26. Nd4 Qg6 27.
Rxf8+ Rxf8 28. Qxc7 f3 29. Ng3 fxg2 30. Kxg2 h5 31. Nxc6 Kh8 32. Ne5 Qg5 33.
Nf7+ Rxf7 34. Qxf7 h4 35. Qh5+ Qxh5 36. Nxh5 g5 37. Nf6 Kg7 38. Ne4 Kg6 39. c4
Kf5 40. Nd2 g4 41. b4 Ke5 42. c5 Kd5 43. a4 Kc6 44. Ne4 a6 45. Nf6 g3 46. f4
Kc7 47. b5 axb5 48. axb5 h3+ 49. Kxh3 g2 50. Kxg2 Kd8 51. b6 Kc8 52. c6 Kb8 53.
Nd5 Kc8 54. f5 Kd8 55. b7 Ke8 56. c7 Kf7 57. c8=Q Kg7 58. b8=R Kh6 59. Qh8+ Kg5
1-0

[Event "SR 5. liga SE-SI 2013/2014"]
[Site "?"]
[Date "2014.01.18"]
[Round "6.2"]
[White "Vozarova, Adriana"]
[Black "Rehak, Miroslav"]
[Result "0-1"]
[WhiteElo "1172"]
[BlackElo "1438"]
[PlyCount "74"]
[EventDate "2013.??.??"]

1. e4 g6 2. d4 d6 3. Nc3 c6 4. Nge2 Bg7 5. Be3 Nd7 6. Ng3 e5 7. Be2 Ngf6 8. O-O
O-O 9. f4 exd4 10. Bxd4 Nb6 11. h4 Be6 12. h5 c5 13. Be3 Bc4 14. f5 Bxe2 15.
Qxe2 Qd7 16. h6 Bh8 17. Bg5 Rfe8 18. Rad1 Re5 19. Qd2 Nc4 20. Qc1 Ng4 21. Nd5
f6 22. Bf4 Ree8 23. b3 Nce5 24. Qd2 g5 25. Bxe5 Rxe5 26. Qe2 Nxh6 27. Nh5 Kf7
28. a4 Rae8 29. Qc4 Rxe4 30. Ndxf6+ Rxc4 31. Nxd7 Rxc2 32. Rxd6 Ng4 33. Rfd1
Ree2 34. Kf1 Rf2+ 35. Kg1 Rxg2+ 36. Kf1 Ne3+ 37. Ke1 Rce2# 0-1

[Event "SR 5. liga SE-SI 2013/2014"]
[Site "?"]
[Date "2014.01.18"]
[Round "6.2"]
[White "Drozd, Jan"]
[Black "Kratochvilova, Lenka"]
[Result "1-0"]
[WhiteElo "1574"]
[BlackElo "1000"]
[PlyCount "125"]
[EventDate "2013.??.??"]

1. d4 d5 2. c4 c6 3. Nc3 Nf6 4. Nf3 Nbd7 5. e3 e6 6. Bd3 Bd6 7. O-O O-O 8. c5
Bc7 9. Qc2 e5 10. dxe5 Nxe5 11. Nxe5 Bxe5 12. Re1 g6 13. Ne2 Ne4 14. Ng3 Nxg3
15. fxg3 d4 16. exd4 Qxd4+ 17. Kh1 Re8 18. Rb1 Bd7 19. b3 Bf5 20. Bxf5 gxf5 21.
Bb2 Qd5 22. Qxf5 Bxb2 23. Qf2 Bd4 24. Qf1 Bxc5 25. Red1 Qe5 26. Re1 Qc3 27.
Rec1 Qb4 28. Rc4 Qa3 29. Ra4 Qxa4 30. bxa4 Rad8 31. h3 Bd4 32. Qc4 Re4 33. Rf1
Rd7 34. Rf4 b5 35. axb5 cxb5 36. Qxb5 Rde7 37. Rxe4 Rxe4 38. Qd3 Re1+ 39. Kh2
Bc5 40. Qd8+ Kg7 41. Qg5+ Kf8 42. Qxc5+ Ke8 43. Qxa7 Re7 44. Qa8+ Kd7 45. Qd5+
Ke8 46. a4 Kf8 47. a5 Kg7 48. a6 f6 49. Qb7 Rxb7 50. axb7 Kg6 51. b8=Q Kf5 52.
Qf4+ Ke6 53. g4 Kd5 54. Qxf6 Ke4 55. Qf5+ Kd4 56. Qxh7 Kc3 57. g5 Kb4 58. g6
Kb5 59. g7 Kb4 60. g8=Q Kb5 61. Qc7 Kb4 62. Qgb8+ Ka4 63. Qca7# 1-0

[Event "SR 5. liga SE-SI 2013/2014"]
[Site "?"]
[Date "2014.01.18"]
[Round "6.3"]
[White "Trojkova, Michaela"]
[Black "Wallner, Juraj"]
[Result "1/2-1/2"]
[WhiteElo "1455"]
[BlackElo "1512"]
[PlyCount "49"]
[EventDate "2013.??.??"]

1. d4 d5 2. c4 e6 3. Nf3 c5 4. e3 Nf6 5. b3 Nc6 6. Bb2 cxd4 7. Bxd4 Nxd4 8.
Qxd4 Bb4+ 9. Nbd2 O-O 10. cxd5 Bxd2+ 11. Qxd2 exd5 12. Nd4 Ne4 13. Qc2 Be6 14.
f3 Qa5+ 15. Ke2 Rac8 16. Qb2 Nd6 17. Kf2 Nf5 18. Bd3 Nxd4 19. Qxd4 Qd2+ 20. Be2
Qxd4 21. exd4 Rc2 22. Rhc1 Rfc8 23. Rxc2 Rxc2 24. Ke3 g5 25. g4 1/2-1/2

[Event "SR 5. liga SE-SI 2013/2014"]
[Site "?"]
[Date "2014.01.18"]
[Round "6.3"]
[White "Tomasovic, Pavol"]
[Black "Ulehla, Jakub"]
[Result "1/2-1/2"]
[WhiteElo "1302"]
[BlackElo "1111"]
[PlyCount "115"]
[EventDate "2013.??.??"]

1. e4 c5 2. Nf3 Nc6 3. d4 cxd4 4. Nxd4 Nf6 5. Nc3 e5 6. Ndb5 d6 7. Bc4 a6 8.
Na3 b5 9. Bd5 Bd7 10. Ne2 Be7 11. O-O O-O 12. Bg5 Qc7 13. b3 Rac8 14. c4 b4 15.
Nc2 a5 16. Ng3 Be6 17. Qf3 h6 18. Bxf6 Bxf6 19. h4 Bxh4 20. Nh5 Ne7 21. Bxe6
fxe6 22. Qg4 Bf6 23. Qxe6+ Kh8 24. Qg4 Rcd8 25. Ne3 Qd7 26. Qxd7 Rxd7 27. Nxf6
Rxf6 28. Nd5 Nxd5 29. exd5 Rc7 30. Rac1 Rf8 31. Rc2 Ra8 32. Rfc1 a4 33. c5 dxc5
34. Rxc5 Rxc5 35. Rxc5 axb3 36. axb3 Ra1+ 37. Kh2 Rb1 38. d6 Rd1 39. Rxe5 Rxd6
40. Re4 Rb6 41. f3 Kg8 42. Kg3 Kf7 43. Kf4 Kf6 44. Kg4 g6 45. Kf4 h5 46. Kg3
Kf5 47. Kh4 Rb5 48. Kg3 g5 49. Kh3 h4 50. Kh2 Rb8 51. Kh3 Rb6 52. Kh2 Rb5 53.
Kh3 Rc5 54. Rxb4 Rc1 55. Kh2 Rb1 56. Rb5+ Kf4 57. Rb4+ Ke3 58. Re4+ 1/2-1/2

[Event "SR 5. liga SE-SI 2013/2014"]
[Site "?"]
[Date "2014.01.18"]
[Round "6.3"]
[White "Kaufman, Robert"]
[Black "Filipek, Norbert"]
[Result "0-1"]
[WhiteElo "1054"]
[BlackElo "1291"]
[PlyCount "44"]
[EventDate "2013.??.??"]

1. e4 c5 2. Nf3 e6 3. d4 cxd4 4. Nxd4 Nf6 5. Nc3 d6 6. Bg5 Be7 7. Be2 O-O 8.
O-O Nc6 9. Nf3 h6 10. Bh4 b6 11. Qd2 Bb7 12. Bb5 Qc7 13. Rfe1 Rad8 14. Rad1 Ne5
15. Nxe5 dxe5 16. Qe2 Rxd1 17. Rxd1 Rd8 18. f3 Rxd1+ 19. Qxd1 Bb4 20. Qd2 Qc5+
21. Qf2 Qc7 22. Qe3 Bc5 0-1

[Event "SR 5. liga SE-SI 2013/2014"]
[Site "?"]
[Date "2014.01.18"]
[Round "6.3"]
[White "Osadsky, Jan st"]
[Black "Jankovic, Frantisek"]
[Result "0-1"]
[WhiteElo "1000"]
[BlackElo "1000"]
[PlyCount "122"]
[EventDate "2013.??.??"]

1. e4 e5 2. Nf3 Nc6 3. Nc3 Bc5 4. Bc4 Nf6 5. d3 O-O 6. O-O d6 7. Nd5 Be6 8. Bg5
Bxd5 9. Bxd5 h6 10. Bxh6 gxh6 11. Nh4 Nxd5 12. Qg4+ Qg5 13. Qxg5+ hxg5 14. Nf5
Nf6 15. g3 Nd4 16. h4 Nxf5 17. exf5 gxh4 18. gxh4 Kh7 19. Kg2 e4 20. dxe4 Nxe4
21. f3 Rg8+ 22. Kh2 Ng3 23. Rfe1 Bb6 24. f6 Nf5 25. Re2 Nxh4 26. f4 Bd4 27. c3
Bxf6 28. Rg1 Rxg1 29. Kxg1 Rg8+ 30. Kf2 Rg2+ 31. Ke3 Rxe2+ 32. Kxe2 Ng6 33. Ke3
d5 34. a4 c5 35. f5 d4+ 36. Kd3 Nf4+ 37. Kc2 dxc3 38. bxc3 Ne2 39. c4 Nc3 40.
a5 b6 41. axb6 axb6 42. Kb3 b5 43. cxb5 Nxb5 44. Kc4 Be7 45. Kxb5 Kg7 46. Kc4
Kf6 47. Kd5 Kxf5 48. Kc4 Ke5 49. Kb3 f5 50. Kc2 f4 51. Kd2 Kd4 52. Ke2 c4 53.
Kd2 f3 54. Ke1 c3 55. Kf2 c2 56. Kxf3 c1=Q 57. Kg2 Qe3 58. Kh1 Qe2 59. Kg1 Ke3
60. Kh1 Kf3 61. Kg1 Qg2# 0-1

[Event "SR 5. liga SE-SI 2013/2014"]
[Site "?"]
[Date "2014.01.18"]
[Round "6.3"]
[White "Nater, Nikolas"]
[Black "Osadsky, Jan"]
[Result "0-1"]
[WhiteElo "1000"]
[BlackElo "1190"]
[PlyCount "44"]
[EventDate "2013.??.??"]

1. e4 e5 2. Nf3 Nc6 3. Nc3 Nf6 4. Bc4 Bb4 5. O-O Nxe4 6. Nxe4 d5 7. d3 Bf5 8.
Bg5 f6 9. Nxf6+ gxf6 10. Bh6 dxc4 11. Nh4 Be6 12. Qh5+ Bf7 13. Qf5 Nd4 14. Qg4
Rg8 15. Qe4 Bd5 16. Qxh7 Qe7 17. Qxe7+ Bxe7 18. c3 f5 19. f4 Bxh4 20. fxe5
Rxg2+ 21. Kh1 Rg6+ 22. Rf3 Bxf3# 0-1

[Event "SR 5. liga SE-SI 2013/2014"]
[Site "?"]
[Date "2014.01.18"]
[Round "6.4"]
[White "Diviak, Rastislav"]
[Black "Brunovsky, Peter"]
[Result "1/2-1/2"]
[WhiteElo "1998"]
[BlackElo "1829"]
[PlyCount "59"]
[EventDate "2013.??.??"]

1. e4 c6 2. d4 d5 3. Nc3 dxe4 4. Nxe4 Nf6 5. Nxf6+ gxf6 6. Nf3 Bg4 7. Be2 e6 8.
O-O Bd6 9. Re1 Nd7 10. c4 Qc7 11. h3 Bf5 12. Bd3 Bxd3 13. Qxd3 O-O-O 14. Be3
Kb8 15. Rac1 Rhg8 16. c5 Bf4 17. Bxf4 Qxf4 18. Qe3 Qf5 19. Kh2 Rg7 20. b4 Rdg8
21. g3 Qd5 22. a4 f5 23. b5 Ka8 24. Rb1 h5 25. Qf4 Qa2 26. Qd2 Qxd2 27. Nxd2
Nf6 28. Rb3 f4 29. Ne4 Nxe4 30. Rxe4 1/2-1/2

[Event "SR 5. liga SE-SI 2013/2014"]
[Site "?"]
[Date "2014.01.18"]
[Round "6.4"]
[White "Valla, Tomas"]
[Black "Pipiska, Adam"]
[Result "1-0"]
[WhiteElo "1814"]
[BlackElo "1737"]
[PlyCount "71"]
[EventDate "2013.??.??"]

1. e4 e5 2. Bc4 Nf6 3. d3 Nc6 4. Nf3 Bc5 5. c3 O-O 6. h3 d6 7. Bb3 Be6 8. Bg5
Qe7 9. Bc2 d5 10. Nbd2 d4 11. Nf1 Bb6 12. Ng3 h6 13. Bh4 dxc3 14. bxc3 Qc5 15.
O-O Nh7 16. Ne2 Ne7 17. d4 exd4 18. cxd4 Qd6 19. Qd3 Ng6 20. Bg3 Qd8 21. Nf4
Nxf4 22. Bxf4 f5 23. e5 c5 24. Bb3 Bxb3 25. Qxb3+ Kh8 26. d5 Rc8 27. Qc4 Re8
28. a4 Nf8 29. e6 Qe7 30. Ne5 Kg8 31. Rfe1 Ba5 32. Re2 Bb4 33. Rd1 Rcd8 34. Rd3
Ba5 35. Nf7 Rc8 36. Rg3 1-0

[Event "SR 5. liga SE-SI 2013/2014"]
[Site "?"]
[Date "2014.01.18"]
[Round "6.4"]
[White "Buran, Andrej"]
[Black "Zajicek, Ferdinand"]
[Result "0-1"]
[WhiteElo "1392"]
[BlackElo "1823"]
[PlyCount "55"]
[EventDate "2013.??.??"]

1. e4 c5 2. Nf3 Nc6 3. d4 cxd4 4. Nxd4 d6 5. c4 g6 6. Nc3 Bg7 7. Be3 Nf6 8. Be2
O-O 9. O-O Bd7 10. Nxc6 Bxc6 11. Bf3 Qc7 12. Bd4 a6 13. a4 Rac8 14. Bxf6 Bxf6
15. Qd3 Qb6 16. Rfb1 Qd4 17. Rd1 Qxd3 18. Rxd3 Rc7 19. b3 b5 20. axb5 axb5 21.
cxb5 Ba8 22. e5 Bxe5 23. Rxa8 Rxa8 24. Bxa8 Ra7 25. Bd5 Bxc3 26. g3 Ra1+ 27.
Kg2 Ba5 28. Rd2 0-1

[Event "SR 5. liga SE-SI 2013/2014"]
[Site "?"]
[Date "2014.01.18"]
[Round "6.4"]
[White "Kastler, Peter"]
[Black "Hrdlicka, Martin"]
[Result "1-0"]
[WhiteElo "1710"]
[BlackElo "1007"]
[PlyCount "101"]
[EventDate "2013.??.??"]

1. d4 d5 2. c4 c6 3. Nc3 Nf6 4. e3 Bf5 5. Nf3 e6 6. Nh4 Bg4 7. Be2 Bxe2 8. Qxe2
Bb4 9. Nf3 Nbd7 10. Bd2 Bxc3 11. Bxc3 c5 12. Rc1 Ne4 13. cxd5 exd5 14. dxc5
Ndxc5 15. Bd4 Rc8 16. O-O O-O 17. Qb5 Qe7 18. Rc2 a6 19. Qa5 Qd6 20. Rfc1 b6
21. Qa3 Rc6 22. b4 Rfc8 23. bxc5 bxc5 24. Be5 Qf8 25. Nd2 Qe7 26. Bg3 Qg5 27.
Nxe4 dxe4 28. Rc4 Qd5 29. h3 Qd2 30. Rxc5 Qxc1+ 31. Qxc1 Rxc5 32. Qa3 a5 33.
Qa4 f5 34. Qd7 h6 35. Be5 Kf8 36. Bd6+ Kg8 37. Bxc5 Rxc5 38. g3 Kh7 39. Qd6 Rb5
40. Kg2 a4 41. Qd7 Ra5 42. g4 fxg4 43. hxg4 a3 44. Kg3 Rc5 45. Qd2 Rg5 46. Kf4
Kg6 47. Qd6+ Kh7 48. Qxa3 g6 49. Qe7+ Kg8 50. Qxg5 hxg5+ 51. Kxg5 1-0

[Event "SR 5. liga SE-SI 2013/2014"]
[Site "?"]
[Date "2014.01.18"]
[Round "6.4"]
[White "Svarc, Vaclav"]
[Black "Papanek, Lubomir"]
[Result "0-1"]
[WhiteElo "1000"]
[BlackElo "1635"]
[PlyCount "66"]
[EventDate "2013.??.??"]

1. e4 c5 2. Nc3 d6 3. Bb5+ Bd7 4. d3 a6 5. Bxd7+ Nxd7 6. Nf3 Ngf6 7. Bg5 h6 8.
Bxf6 Nxf6 9. O-O e6 10. e5 dxe5 11. Nxe5 Bd6 12. Nc4 Bc7 13. Qe2 O-O 14. Na4 b5
15. Nxc5 bxc4 16. dxc4 Qd6 17. g3 Qxc5 18. c3 Rad8 19. b4 Qe5 20. Rae1 Qxc3 21.
b5 axb5 22. cxb5 Bb6 23. Rd1 Rxd1 24. Rxd1 Rd8 25. Rxd8+ Bxd8 26. a4 Qa5 27.
Qc4 Bb6 28. Kg2 Qe1 29. Qc8+ Kh7 30. Qc2+ g6 31. Qc6 Qxf2+ 32. Kh3 Qf1+ 33. Kh4
g5# 0-1

[Event "SR 5. liga SE-SI 2013/2014"]
[Site "?"]
[Date "2014.01.18"]
[Round "6.5"]
[White "Kanka, Tomas"]
[Black "Jarabek, Milan"]
[Result "0-1"]
[WhiteElo "1688"]
[BlackElo "1744"]
[PlyCount "68"]
[EventDate "2013.??.??"]

1. Nc3 d5 2. d4 Nf6 3. Nf3 Bf5 4. g3 e6 5. a3 c5 6. Bg2 Nc6 7. O-O Bd6 8. Nb5
O-O 9. Nh4 Bg6 10. Nxg6 hxg6 11. Nxd6 Qxd6 12. Bf4 Qe7 13. c3 Nh5 14. Bc1 f5
15. Qd3 c4 16. Qc2 g5 17. f3 g6 18. Bd2 Kg7 19. e4 f4 20. exd5 exd5 21. Rae1
Qd6 22. Bh3 Rae8 23. Rxe8 Rxe8 24. gxf4 Nxf4 25. Bxf4 Qxf4 26. Bg4 Qe3+ 27. Rf2
Na5 28. Qa4 Nb3 29. Qd7+ Re7 30. Qxd5 Nc1 31. Kg2 Nd3 32. Qd6 Qxf2+ 33. Kh3
Nf4+ 34. Qxf4 gxf4 0-1

[Event "SR 5. liga SE-SI 2013/2014"]
[Site "?"]
[Date "2014.01.18"]
[Round "6.5"]
[White "Zlamal, Marek"]
[Black "Klimes, Juraj"]
[Result "1-0"]
[WhiteElo "1638"]
[BlackElo "1571"]
[PlyCount "157"]
[EventDate "2013.??.??"]

1. d4 d6 2. e4 Nf6 3. Nc3 g6 4. Nf3 Bg7 5. h3 Nbd7 6. Bc4 O-O 7. Be3 e5 8. d5
Nh5 9. Qd2 f5 10. exf5 Rxf5 11. Ng5 Nb6 12. Bxb6 axb6 13. Ne6 Bxe6 14. dxe6 Qe7
15. g4 Rf4 16. Nd5 Re4+ 17. Kf1 Qh4 18. Nxc7 Rc8 19. e7+ Rxc4 20. e8=Q+ Rxe8
21. Nxe8 Rd4 22. Qe3 Nf4 23. Nxg7 Kxg7 24. Qg3 Qf6 25. h4 Rd2 26. Rc1 Ne2 27.
Qe3 Nxc1 28. Qxd2 Qf3 29. Rg1 Nxa2 30. Rg3 Qh1+ 31. Rg1 Qc6 32. h5 Qc4+ 33. Ke1
Qe4+ 34. Qe2 Qf4 35. hxg6 hxg6 36. Rg3 d5 37. Rf3 Qc1+ 38. Qd1 Qxb2 39. Qxd5
Qb1+ 40. Qd1 Qb4+ 41. c3 Qe4+ 42. Re3 Qh1+ 43. Ke2 Qc6 44. Qd2 Qb5+ 45. Ke1
Qb1+ 46. Qd1 Qb5 47. Qc2 Qc4 48. Rxe5 Nb4 49. Re7+ Kf6 50. Qe2 Qxc3+ 51. Kf1
Qc1+ 52. Kg2 Qc6+ 53. f3 Qd5 54. Re8 Nc6 55. Re4 b5 56. f4 b4 57. Kg3 Nd4 58.
g5+ Kf7 59. Re7+ Kf8 60. Re8+ Kg7 61. Qe7+ Qf7 62. Qxf7+ Kxf7 63. Rb8 b5 64.
Rd8 Nc2 65. Rd3 Ke6 66. Rb3 Kd5 67. Rb2 b3 68. Rxb3 Kc4 69. f5 Nd4 70. fxg6
Kxb3 71. Kg4 Ne6 72. Kf5 Ng7+ 73. Kf6 Ka2 74. Kxg7 b4 75. Kh6 b3 76. g7 b2 77.
g8=Q+ Ka1 78. Qa8+ Kb1 79. g6 1-0

[Event "SR 5. liga SE-SI 2013/2014"]
[Site "?"]
[Date "2014.01.18"]
[Round "6.5"]
[White "Kridl, Oliver"]
[Black "Antalek, Rudolf"]
[Result "1/2-1/2"]
[WhiteElo "1250"]
[BlackElo "1533"]
[PlyCount "78"]
[EventDate "2013.??.??"]

1. e4 e5 2. Nf3 Nc6 3. d4 exd4 4. Nxd4 Nf6 5. Nc3 Bc5 6. Be3 Bb6 7. Bc4 O-O 8.
O-O Re8 9. Nxc6 dxc6 10. Bxb6 cxb6 11. h3 Be6 12. Bxe6 Rxe6 13. Re1 Qe7 14. Qf3
Re8 15. Rad1 h6 16. Rd4 Qc5 17. Qd3 Re5 18. Kh2 Nd5 19. g3 Nxc3 20. bxc3 f5 21.
Kg2 fxe4 22. Rdxe4 Rxe4 23. Rxe4 Rxe4 24. Qxe4 Qd5 25. Qxd5+ cxd5 26. Kf3 Kf7
27. Ke3 Ke6 28. Kd4 Kd6 29. f4 Ke6 30. g4 Kd6 31. f5 a6 32. h4 a5 33. g5 h5 34.
f6 gxf6 35. gxf6 Ke6 36. f7 Kxf7 37. Kxd5 Kf6 38. Ke4 Ke6 39. Kf4 a4 1/2-1/2

[Event "SR 5. liga SE-SI 2013/2014"]
[Site "?"]
[Date "2014.01.18"]
[Round "6.5"]
[White "Drabek, Martin"]
[Black "Nereca, Tomas"]
[Result "1-0"]
[WhiteElo "1456"]
[BlackElo "1000"]
[PlyCount "35"]
[EventDate "2013.??.??"]

1. e4 e5 2. Nf3 d6 3. Bc4 Nf6 4. Nc3 Be6 5. Bxe6 fxe6 6. d4 d5 7. Bg5 h6 8. Bh4
exd4 9. Ne2 Be7 10. Ne5 Nbd7 11. Ng6 Rg8 12. Nxd4 Ng4 13. Bxe7 Qc8 14. Qxg4 e5
15. Qe6 Nf8 16. Qxg8 Qg4 17. Qxf8+ Kd7 18. Nxe5# 1-0

[Event "SR 5. liga SE-SI 2013/2014"]
[Site "?"]
[Date "2014.01.18"]
[Round "6.5"]
[White "Babic, Stefan"]
[Black "Spacek, Jan"]
[Result "0-1"]
[WhiteElo "1111"]
[BlackElo "1104"]
[PlyCount "52"]
[EventDate "2013.??.??"]

1. d4 d5 2. Bf4 Bf5 3. Nc3 e6 4. a3 Nc6 5. e3 Bd6 6. g4 Bg6 7. Nge2 Nf6 8. g5
Ne4 9. Nb5 e5 10. f3 Nxg5 11. Bxg5 Qxg5 12. f4 exf4 13. Nxd6+ cxd6 14. exf4
Qh4+ 15. Ng3 O-O 16. Qd2 Rfe8+ 17. Be2 Bh5 18. O-O-O Bg4 19. Rde1 b6 20. Bb5
Bd7 21. Nf5 Qf6 22. Rhf1 Qxf5 23. Re3 a6 24. Ba4 Kf8 25. c3 Na5 26. Rh3 Qxh3
0-1

[Event "SR 5. liga SE-SI 2013/2014"]
[Site "?"]
[Date "2014.02.01"]
[Round "7.1"]
[White "Brunovsky, Peter"]
[Black "Huska, Branislav"]
[Result "1/2-1/2"]
[WhiteElo "1829"]
[BlackElo "1575"]
[PlyCount "25"]
[EventDate "2013.??.??"]

1. e4 c5 2. Nf3 d6 3. d4 cxd4 4. Nxd4 Nf6 5. Nc3 a6 6. Be3 e5 7. Nb3 Be6 8. f3
Be7 9. Qd2 Nbd7 10. O-O-O b5 11. g4 Nb6 12. Kb1 b4 13. Bxb6 1/2-1/2